| 000 -УДИРДЛАГА |
| Удирдлага |
02124nam a2200385 4500 |
| 003 - ХЯНАЛТЫН ТОО ТОДОРХОЙЛОГЧ |
| Код |
MN-UlNUM |
| 005 - БИЧИЛТ ХИЙСЭН ОГНОО |
| Тухайн бичилтийг бичсэн засварласан сүүлийн огноо |
20251021144213.0 |
| 008 - ЕРӨНХИЙ МЭДЭЭЛЭЛ |
| Ерөнхий мэдээлэл |
251007s2015 mdua|||bc|||| 001 | eng | |
| 020 ## - ISBN |
| ISBN |
9780295995243 |
| 040 ## - БИЧЛЭГ ҮҮСГЭГЧ БАЙГУУЛЛАГА |
| Бичлэг үүсгэгч номын сангийн код |
МУИС-ийн номын сан |
| 084 ## - ББК АНГИЛАЛ |
| Нэмэлт тусгалт |
Нэг сэдэвт бүтээл |
| Мэдлэгийн ялгаа |
85 - Урлаг |
| ББК ангилал |
85(5Irn) |
| Зохиогчийн гурван тэмдэгт |
P 36 |
| 245 1# - ҮНДСЭН ГАРЧИГ |
| Номын нэр |
Pearls on a string |
| Бага гарчгийн мэдээ |
Artists, patrons, and poets at the great Islamic courts |
| Оролцогчдын тухай мэдээ |
Edited by Amy S. Landau |
| 260 ## - ГАРАЛТЫН МЭДЭЭ |
| Хэвлэгдсэн газар |
Baltimore |
| Хэвлэлийн газар |
The Walters Art Museum |
| Хэвлэгдсэн он |
2015 |
| 300 ## - МАТЕРИАЛЫН ТОДОРХОЙЛОЛТ |
| хуудасны тоо |
xi, 259 pages : |
| Бусад тоон мэдээлэл |
illustrations ; |
| Хэмжээ |
29 cm |
| 500 ## - Тайлбар |
| Дансны дугаар |
ГФ 20908 |
| 505 ## - Агуулгын тэмдэглэгээ |
| Агуулгын тэмдэглэгээ |
Pearls on a String presents the arts of historical Islamic cultures by focusing on specific people and relationships among cultural tastemakers, especially painters, calligraphers, poets, and their patrons. Through a series of chapters, the book spotlights certain historical moments from across the Islamic world. Each chapter pivots around patrons and their social networks. |
| 546 ## - ХЭЛНИЙ ТУХАЙ МЭДЭЭ |
| Хэл |
Англи хэл дээр, |
| 653 ## - Түлхүүр үг |
| Түлхүүр үг |
arts and society |
| 653 ## - Түлхүүр үг |
| Түлхүүр үг |
exhibition catalogs |
| 653 ## - Түлхүүр үг |
| Түлхүүр үг |
Islamic Empire |
| 653 ## - Түлхүүр үг |
| Түлхүүр үг |
Islamic civilization |
| 740 ## - НОМЫН ГАРЧИГ |
| Гарчиг |
Public Works and Public Lives: Biographical Sources for Patrons, Writers, and Artists in the Premodern Islamicate World |
| 740 ## - НОМЫН ГАРЧИГ |
| Гарчиг |
What Do Inscriptions on Objects Do? Beyond Calligraphy and Textual History |
| 740 ## - НОМЫН ГАРЧИГ |
| Гарчиг |
Transcultural Trends, Personal Desires, and Collective Agendas |
| 740 ## - НОМЫН ГАРЧИГ |
| Гарчиг |
Great Ladies and Noble Daughters: Ivories and Women in the Umayyad Court at Córdoba |
| 740 ## - НОМЫН ГАРЧИГ |
| Гарчиг |
Administering Art, History, and Science in the Mongol Empire: Rashid al-Din and Bolad Chengxiang |
| 740 ## - НОМЫН ГАРЧИГ |
| Гарчиг |
Al-Nasir Muhammad and the Formation of the Qalawunid State |
| 740 ## - НОМЫН ГАРЧИГ |
| Гарчиг |
Art and Literature in Timurid Herat, 1469-1506: The Life and Times of Sultan 'Ali Mashhadi |
| 740 ## - НОМЫН ГАРЧИГ |
| Гарчиг |
Reimagining the "Idol Temple of Hindustan": Textual and Visual Translation of Sanskrit Texts in Mughal India |
| 740 ## - НОМЫН ГАРЧИГ |
| Гарчиг |
Man, Mode, and Myth: Muhammad Zaman ibn Haji Yusuf |
| 740 ## - НОМЫН ГАРЧИГ |
| Гарчиг |
Armed and Splendorous: The Jeweled Gun of Sultan Mahmud I |
| 740 ## - НОМЫН ГАРЧИГ |
| Гарчиг |
Lenders to the Exhibition |
| 942 ## - ЭЛЕМЕНТИЙН ТӨРӨЛ |
| Зүйлийн төрөл |
Ном |